Ancient Egypt Trivia - Statistics

General Stats
  • This quiz has been taken 2,826 times
  • The average score is 14 of 22
Answer Stats
Hint Answer % Correct
Egypt is the "gift" of this river Nile
98%
God of the Sun Ra
93%
Preserved human body Mummy
91%
His tomb was discovered in 1922 Tutankhamun
91%
Symbol-based system of writing Hieroglyphics
88%
Paper-like material Papyrus
88%
Statue with a lion's body and a human head Great Sphinx
86%
Stone that provided the key to deciphering those symbols Rosetta Stone
79%
The last pharaoh Cleopatra
73%
Capital with namesake of a major city in Tennessee Memphis
70%
"Great" pharaoh who reigned for 66 years Ramesses II
69%
Burial place of the major royal figures of the New Kingdom Valley of the {Kings}
67%
Israelite who lived with the Egyptian royal family Moses
56%
God of the underworld Osiris
49%
The ideal mother Isis
48%
Akhenaten's royal wife Nefertiti
41%
Ancient capital in Luxor Thebes
39%
Main rival of ancient Egyptians Nubia
37%
Pharaoh who commissioned the Great Pyramid of Giza Khufu
35%
History's first architect and doctor Imhotep
33%
Four jars safekeeping particular human organs {Canopic} Jars
24%
Founder of the First Dynasty Narmer
20%
No matching quizzes found
Score Distribution
Percent of People with Each Score
Percentile by Number Answered
Your Score History
You have not taken this quiz